Logo BPK

Biblioteka

Politechniki Koszalińskiej

Planeta Ziemia / (Rekord nr 30630)

Szczegóły MARC
000 -ETYKIETA REKORDU
podpole kontrolne o stałej długości 01659nam a2200493 i 4500
001 - NUMER KONTROLNY REKORDU
pole kontrolne 30630
003 - IDENTYFIKATOR NUMERU KONTROLNEGO REKORDU
podpole kontrolne KOSZ 005
005 - DATA OSTATNIEJ MODYFIKACJI REKORDU
podpole kontrolne 20201027131551.0
008 - POLE O STAŁEJ DŁUGOŚCI - DANE KONTROLNE
podpole kontrolne o stałej długości 980707s1995 pl a f |001 0 pol
015 ## - NUMER BIBLIOGRAFII NARODOWEJ
Numer bibliografii narodowej UWD 1996/5751
020 ## - MIĘDZYNARODOWY ZNORMALIZOWANY NUMER KSIĄŻKI - ISBN
ISBN 8386600373
020 ## - MIĘDZYNARODOWY ZNORMALIZOWANY NUMER KSIĄŻKI - ISBN
ISBN 8386600381
035 ## - NUMER SYSTEMOWY
Numer systemowy przejętego rekordu 991004042999705066
035 ## - NUMER SYSTEMOWY
Numer systemowy przejętego rekordu (PL-WaBN)b11074747-48omnis_nlop
035 ## - NUMER SYSTEMOWY
Numer systemowy przejętego rekordu b11074747
035 ## - NUMER SYSTEMOWY
Numer systemowy przejętego rekordu (OCoLC)749528604
035 ## - NUMER SYSTEMOWY
Numer systemowy przejętego rekordu (PL)b0000001107474
035 ## - NUMER SYSTEMOWY
Numer systemowy przejętego rekordu (EXLNZ-48OMNIS_NETWORK)9910436302805606
040 ## - ŹRÓDŁO KATALOGOWANIA
Instytucja, która sporządziła opis WA N
Instytucja, która utworzyła rekord WA N
Instytucja, która dokonała modyfikacji KOSZ 005/EG
080 ## - UNIWERSALNA KLASYFIKACJA DZIESIĘTNA - UKD
UKD 523
080 ## - UNIWERSALNA KLASYFIKACJA DZIESIĘTNA - UKD
UKD (03)
100 1# - NAZWA OSOBOWA
Nazwa osobowa Wnuk, Edwin
Daty związane z nazwą (1948- )
Określenie rodzaju współpracy Autor
245 10 - TYTUŁ/ODPOWIEDZIALNOŚĆ
Tytuł Planeta Ziemia /
Pozostałe elementy strefy tytułu i oznaczenia odpowiedzialności Edwin Wnuk.
246 18 - WARIANT TYTUŁU
Tytuł Geografia świata
260 ## - STREFA ADRESU WYDAWNICZEGO
Miejsce wydania Poznań :
Nazwa wydawcy/dystrybutora "Kurpisz",
Data publikacji, dystrybucji/powstania dokumentu 1995.
300 ## - STREFA OPISU FIZYCZNEGO
Objętość 351, [1] s. :
Inne cechy fizyczne fot. kolor., mapy, portr., rys., wykr. ;
Rozmiary 30 cm.
336 ## - TYP ZAWARTOŚCI
Termin opisujący typ zawartości Tekst
Kod określający zawartość txt
Źródło (terminu i kodu) rdacontent
337 ## - TYP MEDIÓW
Tryb odtwarzania Bez urządzenia pośredniczącego
Kod typu mediów n
Źródło (terminu i kodu) rdamedia
338 ## - TYP/RODZAJ NOŚNIKA
Hasło opisujące typ nośnika Wolumin
Kod typu nośnika nc
Źródło (terminu i kodu) rdacarrier
380 ## - FORMA I TYP PUBLIKACJI
Forma i typ publikacji Książki
388 ## - CZAS POWSTANIA
Czas powstania 1901-2000
388 ## - CZAS POWSTANIA
Czas powstania 1989-2000
490 1# - STREFA SERII I DOKUMENTU WIELOCZĘŚCIOWEGO - FORMA NIE DO WYSZUKIWANIA
Tytuł i oznaczenie odpowiedzialności serii Wielka encyklopedia geografii świata / kom. nauk. Stefan Kozarski (przewodn.) [et al.] ;
Numeracja w obrębie serii t. 1
504 ## - UWAGA DOTYCZĄCA BIBLIOGRAFII
Informacje o bibliografii Indeks.
650 #7 - HASŁO PRZEDMIOTOWE W FORMIE NAZWY OGÓLNEJ LUB JEDNOSTKOWEJ
Nazwa ogólna lub geograficzna Układ Słoneczny
Źródło hasła lub terminu DBN
658 ## - TERMIN INDEKSOWY - PRZEDMIOT PROGRAMU NAUCZANIA
Główny przedmiot programu nauczania Geografia i nauki o Ziemi
658 ## - TERMIN INDEKSOWY - PRZEDMIOT PROGRAMU NAUCZANIA
Główny przedmiot programu nauczania Fizyka i astronomia
700 1# - HASŁO DODATKOWE - NAZWA OSOBOWA
Nazwa osobowa Kozarski, Stefan
Daty związane z nazwą (1930-1996)
Określenie związku między hasłem a opisywanym materiałem Redakcja
710 2# - HASŁO DODATKOWE - NAZWA CIAŁA ZBIOROWEGO
Nazwa ciała zbiorowego lub jednostki geograficznej Wydawnictwo Kurpisz
Kod określenia powiązania pbl
830 #0 - HASŁO DODATKOWE SERII LUB DOKUMENTU WIELOCZĘŚCIOWEGO - TYTUŁ UJEDNOLICONY
Tytuł ujednolicony Wielka encyklopedia geografii świata ;
Oznaczenie tomu t. 1
856 ## - LOKALIZACJA I DOSTĘP DO ELEKTRONICZNYCH DOKUMENTÓW ZDALNYCH
Link (URL) http://koha.tu.koszalin.pl/cgi-bin/koha/opac-detail.pl?biblionumber=30630
Tekst linku Katalog online BPK
942 ## - DODATKOWE ELEMENTY (KOHA)
Schemat klasyfikacji Uniwersalna Klasyfikacja Dziesiętna
Typ dokumentu Książka
Egzemplarze
Wycofany Status egzemplarza Uszkodzony Dostępność Lokalizacja stała Lokalizacja bieżąca Miejsce przechowywania Sygnatura Kod kreskowy Dział Typ dokumentu
      Tylko na miejscu Biblioteka Politechniki Koszalińskiej Biblioteka Politechniki Koszalińskiej Czytelnia BG 37431 01924480 0/9(03) Encyklopedie. Leksykony Książka
© 2023 Biblioteka Politechniki Koszalińskiej :: KOHA